00355cam a22001097a 4500008004000000082001700040100001700057245007700074260005700151300001000208650002700218180718b1963 xxu||||| |||| 00| 0 eng d aT392x73 L329 aLary, Hal B. aProblems of the United States as world trader and bankercby Hal B. Lary aNew YorkbNational Bureau of Economic Researchc1963 a175p. aBalance of Trade - USA